A History of Islamic Law (Record no. 3192)

MARC details
000 -LEADER
fixed length control field 006760000a22002170004500
003 - CONTROL NUMBER IDENTIFIER
control field LK-CoMWRAF
005 - DATE AND TIME OF LATEST TRANSACTION
control field 20231109121254.0
008 - FIXED-LENGTH DATA ELEMENTS--GENERAL INFORMATION
fixed length control field 230817t1964 ||||| |||| 00| 0 eng d
020 ## - INTERNATIONAL STANDARD BOOK NUMBER
International Standard Book Number 0748605142
040 ## - CATALOGING SOURCE
Original cataloging agency LK-CoMWRAF
Modifying agency LK-CoMWRAF
Description conventions LK-CoMWRAF
041 ## - LANGUAGE CODE
Language code of text/sound track or separate title English
082 ## - DEWEY DECIMAL CLASSIFICATION NUMBER
Classification number 340.59
Item number COU
942 ## - ADDED ENTRY ELEMENTS (KOHA)
Koha item type Books
100 ## - MAIN ENTRY--PERSONAL NAME
Personal name Coulson, N. J.
245 ## - TITLE STATEMENT
Title A History of Islamic Law
260 ## - PUBLICATION, DISTRIBUTION, ETC. (IMPRINT)
Place of publication, distribution, etc. Edinburgh:
Name of publisher, distributor, etc. Edinburgh University Press,
Date of publication, distribution, etc. 1964
300 ## - PHYSICAL DESCRIPTION
Extent viii, 264 p. ; 21 cm.
Other physical details Glossary, Bibliography and Index included.
490 ## - SERIES STATEMENT
Series statement Islamic Surveys-2
856 ## - ELECTRONIC LOCATION AND ACCESS
Uniform Resource Identifier <a href="https://books-library.net/files/books-library.online-02282153Tv3Z6.pdf">https://books-library.net/files/books-library.online-02282153Tv3Z6.pdf</a>
650 ## - SUBJECT ADDED ENTRY--TOPICAL TERM
Topical term or geographic name as entry element ISLAMIC LAW-History
Holdings
Withdrawn status Lost status Damaged status Not for loan Permanent Location Current Location Date acquired Full call number Barcode Koha item type
        Resource center, Muslim Women's Research And Action Forum Resource center, Muslim Women's Research And Action Forum 2023-08-17 340.59 COU RAF27 Books

Copyright © 2023 Muslim Women's Research and Action Forum (MWRAF), No 27/3, Anderson Road, Kalubowila, Dehiwela. Funded by The Asia Fundation